000
00305nam a2200133Ia 4500
008
231129s1969||||xx |||||||||||||| ||spa||
040
_b
spa
082
_a
759.13 A828p
100
_a
Ashton Dore
245
0
_a
La pintura norteamericana moderna
260
_c
1969
264
_a
Hermes
942
_2
ddc
_c
BKS
999
_c
17939
_d
17939